Vademecum úspešného manažera. : Sebeřízení, komunikace, řízení času. /
Uložené v:
| Hlavný autor: | |
|---|---|
| Médium: | Kniha |
| Jazyk: | Czech |
| Vydané: |
Praha :
Management Press, Ringier ČR, a.s.,
1994
|
| Vydanie: | 1. vyd. |
| Témy: | |
| ISBN: |
8085603365 (brož.) |
| Fyzický popis: |
127 s. |
| Tagy: |
Pridať tag
Žiadne tagy, Buďte prvý kto otaguje tento záznam!
|
Titul je dostupný aj v ... 

MARC
| LEADER | 00000nam a2200000 a 4500 | ||
|---|---|---|---|
| 001 | 000050321 | ||
| 003 | SVKK | ||
| 005 | 19990623000000.0 | ||
| 008 | 970206s1994 cs e czeo | ||
| 020 | |a 8085603365 (brož.) | ||
| 040 | |a SVKKK |b slo |c SVKKK |e AACR2 | ||
| 041 | 0 | |a cze | |
| 044 | |a cs |c CS | ||
| 080 | |a 65.012.4(082) |2 1997 | ||
| 100 | 1 | |a Dvořák, Josef |4 aut | |
| 245 | 1 | 0 | |a Vademecum úspešného manažera. : |b Sebeřízení, komunikace, řízení času. / |c Josef Dvořák...[et al.] |
| 250 | |a 1. vyd. | ||
| 260 | |a Praha : |b Management Press, Ringier ČR, a.s., |c 1994 | ||
| 300 | |a 127 s. | ||
| 653 | 0 | |a manažment |2 SVKKKPH | |
| 653 | 0 | |a zborníky |2 SVKKKPH | |
| 655 | 7 | |a zborníky |2 SVKKKPH | |
| 910 | |a svkkk | ||
| 919 | |a 80-85603-36-5 | ||
| 974 | |a MI |d 19970306 | ||
| 974 | |a KL |d 19970225 | ||
| 974 | |a MI |d 19990623 | ||
| 998 | |a BK | ||
| 090 | |g SCKHL |k Sklad Pribinova 2. posch. |a III.175368 |j 903573 |i 2720131661 |s Absenčne | ||
| 090 | |g SCKHL |k Sklad Pribinova 2. posch. |a III.175369 |j 903574 |i 2720148760 |s Absenčne | ||